00896nam a22002297a 4500003000900000005001700009008004100026020001800067040002400085082001800109100004700127245012800174260006500302300002000367590002800387650005500415700003800470910000800508942001400516952011900530999001700649DO-SdBNP20240314193807.0211206b2015 ||||| |||| 00| 0 spa d a9789945083804 aDO-SdBNPbspacBNPH a345.05bM896p1 aMoscoso Segarra, Alejandro Ad1964-9622411 aProcesal penal :bdiez años de interpretación : suplemento 2015 /cAlejandro Moscoso Segarra ; editor Ängel Potentini aSanto Domingo :bLibrería Jurídica Internacional, c2015 a107 p. ;c24 cm aInventariado, 2021 / DG aProcedimiento penalzRepública Dominicana980820 aPotentini, ÁngeleEditor980821 aD/G 2ddccLBS1 00102ddc51708MOaBNPHUbPDcHDd2021-12-06l0oBNPHU PD 345.05 M896pp2021-28510r2021-12-06w2021-12-06yLBS1 c51104d51104